004740000a2200145000450024500850000065000130008565000230009865000200012165100390014165300360018004100130021670000270022910000210025677300510027710aNew species of water bat, genus Neusticomys anthony, from the Andes of Venezuela14aRoedores14aTaxonomía animal14aNuevas especies 4lCordillera de los AndespVenezuela gNeusticomyseNeusticomys mussoi0 aInglés1 aSoriano M., Pascual J.1 aOchoa G., José1 tJournal of Mammalogy3106h1q97-103d1991g72